Russia Country Quiz - Statistics

General Stats
  • This quiz has been taken 114,530 times
  • The average score is 20 of 30
Answer Stats
Hint Answer % Correct
Capital city Moscow
100%
Current President Vladimir Putin
97%
Capital prior to 1918 St. Petersburg
92%
Communist name of that city Leningrad
86%
Items on the Soviet flag Hammer
84%
Soviet equivalent of the CIA KGB
82%
Conqueror who failed to conquer Russia in 1812 Napoleon
80%
Name for Soviet prison camps Gulags
79%
"Terrible" tsar Ivan IV
79%
Vast Eastern region of Russia Siberia
76%
Items on the Soviet flag Star
76%
Mountain ranges dividing Asia and Europe Urals
76%
Items on the Soviet flag Sickle
75%
Sea bordering Sochi Black Sea
73%
First satellite to orbit Earth Sputnik
69%
"Turning point" battle in WWII Battle of Stalingrad
67%
Official residence of the President Moscow Kremlin
66%
Most famous Russian firearm AK-47
63%
War and Peace author Leo Tolstoy
62%
Christmas ballet by Tchaikovsky The Nutcracker
62%
Longest river in European Russia Volga
62%
"Great" tsars Peter
61%
First person to orbit Earth Yuri Gagarin
59%
Largest Russian city on the Pacific Vladivostok
57%
Mountain ranges dividing Asia and Europe Caucasus
53%
"Great" tsars Catherine II
50%
Fish used for traditional caviar Sturgeon
43%
Most famous ballet theater Bolshoi Theatre
41%
Highest mountain Mount Elbrus
30%
Metal boiler for making tea Samovar
26%
No matching quizzes found
Score Distribution
Percent of People with Each Score
Percentile by Number Answered
Your Score History
You have not taken this quiz